[Event "Tabor op"]
[Site "Tabor"]
[Date "2010.08.02"]
[Round "3"]
[White "Mazur, David"]
[Black "Sach, Tomas"]
[Result "1-0"]
[WhiteElo "2073"]
[BlackElo "1893"]
[PlyCount "71"]
[EventDate "2010.08.01"]
[EventType "swiss"]
[EventRounds "9"]
[EventCountry "CZE"]
[SourceTitle "EXT 2012"]
[Source "ChessBase"]
[SourceDate "2011.11.24"]
[SourceVersion "1"]
[SourceVersionDate "2011.11.24"]
[SourceQuality "1"]

1. c4 c5 2. Nf3 Nc6 3. Nc3 Nf6 4. g3 g6 5. Bg2 Bg7 6. 0-0 0-0 7. d3 d6 8. Rb1 Rb8 9. a3 e5 10. Bg5 h6 11. Bxf6 Bxf6 12. Ne1 Kh7 13. Nc2 Nd4 14. Ne3 Be6 15. Ned5 Bxd5 16. Nxd5 Bg7 17. e3 Nc6 18. b4 cxb4 19. axb4 Ne7 20. b5 Nxd5 21. Bxd5 Qb6 22. Kg2 f5 23. e4 f4 24. f3 Bf6 25. g4 Bd8 26. Rf2 Qd4 27. Rc2 Bb6 28. Rbb2 Kg7 29. Ra2 Kf6 30. c5 Bxc5 31. Rc4 Qe3 32. Re2 Qg1+ 33. Qxg1 Bxg1 34. Kxg1 a6 35. b6 Rfe8 36. h4 1-0

[Event "Tabor op"]
[Site "Tabor"]
[Date "2010.08.01"]
[Round "1"]
[White "Vesselovsky, Serguei"]
[Black "Sach, Tomas"]
[Result "1-0"]
[WhiteElo "2353"]
[BlackElo "1893"]
[PlyCount "41"]
[EventDate "2010.08.01"]
[EventType "swiss"]
[EventRounds "9"]
[EventCountry "CZE"]
[SourceTitle "EXT 2012"]
[Source "ChessBase"]
[SourceDate "2011.11.24"]
[SourceVersion "1"]
[SourceVersionDate "2011.11.24"]
[SourceQuality "1"]

1. e4 c5 2. Nf3 Nc6 3. c3 e6 4. d4 cxd4 5. cxd4 Bb4+ 6. Nc3 d5 7. e5 Nge7 8. Bd3 Nf5 9. 0-0 0-0 10. Re1 a6 11. Qb3 Qa5 12. a3 Bxc3 13. bxc3 b5 14. Bd2 Qd8 15. Bg5 Qd7 16. Bb1 g6 17. Qd1 h5 18. Qd2 Nb8 19. Bf6 Qc7 20. Bxf5 exf5 21. Qh6 1-0